| 000 | 00360nam a2200121Ia 4500 | ||
|---|---|---|---|
| 008 | 220204s9999 xx 000 0 und d | ||
| 082 |
_a621.3(038) _bJAY;1 |
||
| 245 | 0 | _aIEEE standard dictionary of electric and electronics terms | |
| 250 | _aEd.2 | ||
| 260 |
_aNew York _bInst of Electrical and Electronic engineers _c1977 |
||
| 700 | _aJay, Frank | ||
| 942 | _cBK | ||
| 999 |
_c30600 _d30600 |
||